| 000 | 00417nam a2200157Ia 4500 | ||
|---|---|---|---|
| 005 | 20241218172158.0 | ||
| 008 | 231217s9999 xx 000 0 und d | ||
| 020 | _a9780071160902 | ||
| 082 | _a001.64 BAH;27 | ||
| 100 | _aBahrami, Ali | ||
| 245 | 0 | _aObject oriented systems development | |
| 260 |
_c1999 _bMcGraw-Hill _aBoston |
||
| 300 | _axx+411 | ||
| 650 | _aObject,oriented,systems,development | ||
| 942 | _cAA | ||
| 999 |
_c175325 _d175325 |
||